000
00261nam a2200085Ia 4500
245
0
_a
Masquerade : the story of my life
100
_a
JACOBS, Rayda Roggebaai [South Africa], 2008 1st ed
_9
78102
942
_c
BK
008
210817s9999 xx 000 0 und d
999
_c
290496
_d
290496